[Event "WC-2021-S-00005"]
[Site "LSS email"]
[Date "2021.04.03"]
[Round "?"]
[White "Mroczek, Jacek"]
[Black "Quinones Borda, Jorge Victor"]
[Result "1/2-1/2"]
[WhiteElo "2286"]
[BlackElo "2311"]
[PlyCount "45"]
[EventDate "2021.04.03"]
[EventType "tourn (corr)"]
[EventRounds "6"]
[EventCountry "GER"]
[SourceTitle "Corr 2024"]
[Source "ChessBase"]
[SourceDate "2023.10.19"]
[SourceVersion "1"]
[SourceVersionDate "2023.10.19"]
[SourceQuality "1"]

1. d4 Nf6 2. c4 e6 3. Nc3 d5 4. Nf3 Be7 5. Bf4 0-0 6. e3 c5 7. dxc5 Bxc5 8. Qc2 Nc6 9. a3 Qa5 10. Rd1 Be7 11. Be2 Ne4 12. cxd5 Nxc3 13. bxc3 exd5 14. 0-0 Qc5 15. a4 Rd8 16. Rc1 Bf6 17. Qb1 Na5 18. Qb4 Qxb4 19. cxb4 Nc4 20. Bxc4 dxc4 21. Rxc4 Bd7 22. Rc7 Bxa4 23. Rxb7 1/2-1/2

[Event "WC-2021-S-00005"]
[Site "LSS email"]
[Date "2021.04.03"]
[Round "?"]
[White "Mueller, Klaus"]
[Black "Mroczek, Jacek"]
[Result "1/2-1/2"]
[WhiteElo "2460"]
[BlackElo "2286"]
[PlyCount "79"]
[EventDate "2021.04.03"]
[EventType "tourn (corr)"]
[EventRounds "6"]
[EventCountry "GER"]
[SourceTitle "Corr 2024"]
[Source "ChessBase"]
[SourceDate "2023.10.19"]
[SourceVersion "1"]
[SourceVersionDate "2023.10.19"]
[SourceQuality "1"]

1. e4 c5 2. Nf3 Nc6 3. Bb5 g6 4. Bxc6 bxc6 5. 0-0 Bg7 6. Re1 Nh6 7. c3 0-0 8. h3 f5 9. e5 Nf7 10. d3 Rb8 11. b3 h6 12. Nbd2 d6 13. d4 cxd4 14. cxd4 c5 15. Bb2 cxd4 16. Bxd4 dxe5 17. Bxe5 Nxe5 18. Nxe5 Rb6 19. Rc1 Bb7 20. Ndc4 Re6 21. Qd7 Qc8 22. Rcd1 Kh7 23. Qd2 Re8 24. h4 Rg8 25. Qe3 Be4 26. Nd7 Bd5 27. Qxa7 Bxc4 28. bxc4 Qxc4 29. Nb6 Rxe1+ 30. Rxe1 Qxh4 31. Nd5 e6 32. g3 Qd4 33. Qxd4 Bxd4 34. Rxe6 Ra8 35. Re7+ Kh8 36. Re2 Kg7 37. Nc7 Ra4 38. Ne6+ Kf6 39. Nxd4 Rxd4 40. Re3 1/2-1/2

[Event "WC-2020-S-00003"]
[Site "LSS email"]
[Date "2020.06.08"]
[Round "?"]
[White "Colibaba, Alexandr"]
[Black "Mroczek, Jacek"]
[Result "1-0"]
[WhiteElo "2283"]
[BlackElo "2319"]
[PlyCount "81"]
[EventDate "2020.06.08"]
[EventType "tourn (corr)"]
[EventRounds "12"]
[EventCountry "GER"]
[SourceTitle "Corr 2024"]
[Source "ChessBase"]
[SourceDate "2023.10.19"]
[SourceVersion "1"]
[SourceVersionDate "2023.10.19"]
[SourceQuality "1"]

1. e4 e6 2. d4 d5 3. Nc3 Bb4 4. e5 c5 5. Qg4 Ne7 6. dxc5 Nbc6 7. Bd2 0-0 8. 0-0-0 b6 9. Bg5 Qe8 10. Bb5 Bxc5 11. Nf3 Kh8 12. Qh5 Ng8 13. Qh3 f6 14. Bd3 f5 15. a3 Nd4 16. Nxd4 Bxd4 17. Bb5 Qg6 18. Rxd4 Qxg5+ 19. Kb1 f4 20. Re1 Nh6 21. Qf3 a6 22. Bd3 Bb7 23. h4 Qxh4 24. Ne2 Qg4 25. Qxg4 Nxg4 26. Nxf4 Nxf2 27. Nxe6 Nxd3 28. cxd3 Rf7 29. Rb4 b5 30. a4 bxa4 31. Rc1 h5 32. Nc7 Ra7 33. Ne8 Re7 34. Nd6 a5 35. Rxa4 Ba6 36. d4 g5 37. Ra3 h4 38. Rc6 Ra8 39. Nf5 Rf7 40. Rh6+ Rh7 41. Rg6 1-0

[Event "WC-2020-S-00003"]
[Site "LSS email"]
[Date "2020.06.08"]
[Round "?"]
[White "Mroczek, Jacek"]
[Black "Lelito, Jerzy"]
[Result "1/2-1/2"]
[WhiteElo "2319"]
[BlackElo "2269"]
[PlyCount "39"]
[EventDate "2020.06.08"]
[EventType "tourn (corr)"]
[EventRounds "12"]
[EventCountry "GER"]
[SourceTitle "Corr 2024"]
[Source "ChessBase"]
[SourceDate "2023.10.19"]
[SourceVersion "1"]
[SourceVersionDate "2023.10.19"]
[SourceQuality "1"]

1. d4 d5 2. c4 c6 3. Nf3 Nf6 4. Nc3 e6 5. Bg5 h6 6. Bh4 dxc4 7. e4 g5 8. Bg3 b5 9. Be2 Bb7 10. 0-0 Nbd7 11. Ne5 Bg7 12. Nxd7 Nxd7 13. Bd6 a6 14. a4 b4 15. d5 exd5 16. exd5 bxc3 17. dxc6 Bxc6 18. Re1 Ne5 19. bxc3 Ra7 20. Bxc4 1/2-1/2

[Event "WC-2020-S-00003"]
[Site "LSS email"]
[Date "2020.06.08"]
[Round "?"]
[White "Mroczek, Jacek"]
[Black "Sitorus, Yosua"]
[Result "1/2-1/2"]
[WhiteElo "2319"]
[BlackElo "2244"]
[PlyCount "93"]
[EventDate "2020.06.08"]
[EventType "tourn (corr)"]
[EventRounds "12"]
[EventCountry "GER"]
[SourceTitle "Corr 2024"]
[Source "ChessBase"]
[SourceDate "2023.10.19"]
[SourceVersion "1"]
[SourceVersionDate "2023.10.19"]
[SourceQuality "1"]

1. d4 Nf6 2. c4 c5 3. d5 b5 4. cxb5 a6 5. bxa6 g6 6. Nc3 Bxa6 7. e4 Bxf1 8. Kxf1 d6 9. g3 Bg7 10. Kg2 Qb6 11. Nf3 0-0 12. Qe2 Na6 13. Rd1 Rfb8 14. Rb1 Nc7 15. a4 Nd7 16. Bg5 h6 17. Bxe7 Re8 18. Bh4 g5 19. Bxg5 hxg5 20. Nxg5 Nf6 21. Qc2 Na6 22. b3 Nb4 23. Qd2 Bh6 24. Qf4 Kg7 25. h4 Re5 26. Qd2 Qb7 27. f3 Rae8 28. Rf1 Qe7 29. Rbd1 Nd7 30. f4 Bxg5 31. fxg5 f6 32. Nb5 fxg5 33. Nc7 Nf6 34. Rf5 Nxe4 35. Rxe5 Qxe5 36. Nxe8+ Qxe8 37. Qb2+ Kg8 38. Qe2 Qe5 39. Qf3 gxh4 40. gxh4 Nxd5 41. a5 Ndf6 42. a6 Qb2+ 43. Kh1 Qa3 44. Rg1+ Kf7 45. h5 Qxa6 46. h6 Qa8 47. Rg7+ 1/2-1/2

[Event "CP-2019-Q-00010"]
[Site "LSS email"]
[Date "2019.11.27"]
[Round "?"]
[White "Domanov, Dmitry"]
[Black "Mroczek, Jacek"]
[Result "1/2-1/2"]
[WhiteElo "2473"]
[BlackElo "2308"]
[PlyCount "76"]
[EventDate "2019.12.01"]
[EventType "tourn (corr)"]
[EventRounds "6"]
[EventCountry "GER"]
[SourceTitle "Corr 2022"]
[Source "ChessBase"]
[SourceDate "2021.10.24"]
[SourceVersion "1"]
[SourceVersionDate "2021.10.24"]
[SourceQuality "1"]

1. e4 e6 2. d3 d5 3. Qe2 Nf6 4. g3 dxe4 5. dxe4 e5 6. Bg2 Nc6 7. Nf3 Bc5 8. c3 a5 9. 0-0 0-0 10. Nh4 b6 11. Rd1 Qe8 12. Be3 Ba6 13. Qe1 Bxe3 14. Qxe3 Rd8 15. Rxd8 Qxd8 16. Na3 Qd7 17. Bf1 Bxf1 18. Rxf1 Rd8 19. Qe2 g6 20. f3 Qe6 21. Qc4 Qxc4 22. Nxc4 b5 23. Ne3 a4 24. Nhg2 Na5 25. Rd1 Rxd1+ 26. Nxd1 Kf8 27. Nge3 Ke7 28. Kf2 Kd6 29. Ke2 Nd7 30. h4 Nf6 31. g4 c6 32. Nf2 Nc4 33. Nxc4+ bxc4 34. Nd1 h5 35. Ne3 Kc5 36. Kd2 hxg4 37. Nxg4 Nxg4 38. fxg4 Kd6 1/2-1/2

[Event "CP-2019-Q-00010"]
[Site "LSS email"]
[Date "2019.11.27"]
[Round "?"]
[White "Jarabinsky, Martin"]
[Black "Mroczek, Jacek"]
[Result "1/2-1/2"]
[WhiteElo "2292"]
[BlackElo "2308"]
[PlyCount "40"]
[EventDate "2019.12.01"]
[EventType "tourn (corr)"]
[EventRounds "6"]
[EventCountry "GER"]
[SourceTitle "Corr 2022"]
[Source "ChessBase"]
[SourceDate "2021.10.24"]
[SourceVersion "1"]
[SourceVersionDate "2021.10.24"]
[SourceQuality "1"]

1. e4 e6 2. d4 d5 3. Nc3 Bb4 4. exd5 exd5 5. Bd3 Nc6 6. a3 Bxc3+ 7. bxc3 Nge7 8. Qh5 Be6 9. Rb1 b6 10. Nf3 Qd7 11. Ng5 g6 12. Qf3 0-0 13. Nxe6 fxe6 14. Qg4 Qd6 15. 0-0 e5 16. f3 Nf5 17. Re1 Rae8 18. h4 Ng7 19. Bh6 Rf7 20. a4 Rfe7 1/2-1/2

[Event "CP-2019-Q-00010"]
[Site "LSS email"]
[Date "2019.11.27"]
[Round "?"]
[White "Mroczek, Jacek"]
[Black "Kudr, Roman"]
[Result "1-0"]
[WhiteElo "2308"]
[BlackElo "2328"]
[PlyCount "151"]
[EventDate "2019.12.01"]
[EventType "tourn (corr)"]
[EventRounds "6"]
[EventCountry "GER"]
[SourceTitle "Corr 2022"]
[Source "ChessBase"]
[SourceDate "2021.10.24"]
[SourceVersion "1"]
[SourceVersionDate "2021.10.24"]
[SourceQuality "1"]

1. d4 Nf6 2. c4 e6 3. Nc3 Bb4 4. e3 0-0 5. Bd3 d5 6. Nf3 b6 7. 0-0 Bb7 8. cxd5 exd5 9. Ne5 c5 10. Bd2 Nc6 11. a3 Bxc3 12. Bxc3 Nxe5 13. dxe5 Ne4 14. Be1 Qg5 15. f4 Qf5 16. Qc2 Qe6 17. Rd1 f5 18. h3 Bc6 19. Kh2 Rad8 20. b4 h6 21. Rg1 c4 22. Be2 Qf7 23. Bf3 g5 24. Rd4 Bd7 25. Bxe4 fxe4 26. Rf1 Be6 27. f5 Qc7 28. g4 Qxe5+ 29. Bg3 Qh8 30. Kg2 Qf6 31. Be1 h5 32. Bc3 Qf7 33. Qf2 Qe7 34. b5 h4 35. a4 Bf7 36. Rdd1 Rd7 37. Kh1 Qd6 38. Rg1 Rc8 39. Qa2 Qf8 40. Qh2 Qe7 41. Qb2 Qc5 42. Qc1 Qc7 43. Rd4 Qc5 44. Qd2 Qd6 45. Qb2 Qc5 46. Rb1 Qd6 47. Qh2 Qxh2+ 48. Kxh2 Be8 49. Rd2 Kf7 50. Kg2 Ra8 51. Rdb2 Rdd8 52. Kf2 Rdb8 53. Ke2 a6 54. bxa6 Rxa6 55. a5 b5 56. Kd2 Rba8 57. Ra2 Rd8 58. Raa1 Rda8 59. Bb4 Bd7 60. Kc3 Bc8 61. Kb2 Bb7 62. Re1 Rc6 63. Bc3 Rd6 64. Ka3 d4 65. Bxd4 Rxa5+ 66. Kb4 Rxa1 67. Rxa1 Ra6 68. Rd1 Bc6 69. Bc5 Ra8 70. Rd6 Be8 71. Rg6 Ra1 72. Re6 Rb1+ 73. Ka5 c3 74. Re7+ Kf8 75. Rxe4+ Kf7 76. Re7+ 1-0

[Event "CP-2019-Q-00010"]
[Site "LSS email"]
[Date "2019.11.27"]
[Round "?"]
[White "Mroczek, Jacek"]
[Black "Neytush, Edo"]
[Result "1/2-1/2"]
[WhiteElo "2308"]
[BlackElo "2080"]
[PlyCount "99"]
[EventDate "2019.12.01"]
[EventType "tourn (corr)"]
[EventRounds "6"]
[EventCountry "GER"]
[SourceTitle "Corr 2022"]
[Source "ChessBase"]
[SourceDate "2021.10.24"]
[SourceVersion "1"]
[SourceVersionDate "2021.10.24"]
[SourceQuality "1"]

1. d4 Nf6 2. c4 g6 3. Nc3 d5 4. cxd5 Nxd5 5. e4 Nxc3 6. bxc3 Bg7 7. Bc4 0-0 8. Ne2 c5 9. 0-0 Nc6 10. Be3 Na5 11. Bd3 b6 12. Rc1 e6 13. dxc5 Qc7 14. f4 Rd8 15. Qc2 bxc5 16. e5 Bb7 17. Ng3 Bf8 18. Qe2 Be7 19. Rce1 Kh8 20. Rf2 Bh4 21. Bc2 Rab8 22. f5 exf5 23. Bf4 Qc6 24. e6 Qxe6 25. Qxe6 fxe6 26. Be5+ Kg8 27. Bc7 Nc6 28. Rxe6 Kg7 29. Bxb8 Nxb8 30. Bb3 Bc8 31. Re1 Bf6 32. Rfe2 Kf8 33. Ba4 Bd7 34. Bxd7 Nxd7 35. Rc2 Nb6 36. c4 Rd4 37. Rb1 Kg7 38. Nf1 Nxc4 39. Rbc1 Nd6 40. Rxc5 Bd8 41. g3 Ne4 42. R5c4 Rd3 43. Kg2 Bb6 44. Rb4 h5 45. h4 Nf6 46. Rb3 Rd4 47. Re3 Ne4 48. Ree1 Rd3 49. Red1 Ra3 50. Rc2 1/2-1/2

[Event "CP-2019-Q-00010"]
[Site "LSS email"]
[Date "2019.11.27"]
[Round "?"]
[White "Mroczek, Jacek"]
[Black "Sidenko, Anatoly"]
[Result "1/2-1/2"]
[WhiteElo "2308"]
[BlackElo "2357"]
[PlyCount "45"]
[EventDate "2019.12.01"]
[EventType "tourn (corr)"]
[EventRounds "6"]
[EventCountry "GER"]
[SourceTitle "Corr 2022"]
[Source "ChessBase"]
[SourceDate "2021.10.24"]
[SourceVersion "1"]
[SourceVersionDate "2021.10.24"]
[SourceQuality "1"]

1. d4 Nf6 2. c4 e6 3. Nc3 Bb4 4. e3 0-0 5. Bd3 Re8 6. Nf3 c5 7. 0-0 Bxc3 8. bxc3 d6 9. e4 e5 10. h3 h6 11. d5 Nbd7 12. g3 Nh7 13. Qc2 Qe7 14. Re1 Ndf6 15. Kh2 Bd7 16. Be3 Qd8 17. a4 Nf8 18. Nd2 Qc8 19. Bf1 g5 20. Bg2 Ng6 21. a5 Rb8 22. Qd1 Kh8 23. Qe2 1/2-1/2